My Pyramid Quiz Stats

 Plays Quiz Updated Dec 11, 2018

Support Sporcle.
Go Orange.
Score 0/8 Timer 01:00
0 Plays Today
% Correct
Grains
93.4%
Meats and Beans
93.1%
Fruits
92.1%
Vegetables
91.6%
Milk
83.8%
Discretionary Calories
80.7%
Physical Activity
52%
Oils
50.7%

From the Vault

Bane or Lincoln

by bdm6985

Movies 3m
These two should just star in a movie together, that would be awesome.
Remove Ads.
Support Sporcle.
Get the best of Sporcle when you Go Orange. This ad-free experience offers more features, more stats, and more fun while also helping to support Sporcle. Thank you for becoming a member.

Show Comments

Extras

Top Quizzes Today


Score Distribution

Your Account Isn't Verified!

In order to create a playlist on Sporcle, you need to verify the email address you used during registration. Go to your Sporcle Settings to finish the process.

Report this User

Report this user for behavior that violates our Community Guidelines.

Details: